Top 20 des villes les moins dangereuses du monde - Statistiques

Statistiques générales
  • Ce quiz a été pris 59 fois
  • Le résultat moyen est 13 sur 20
Statistiques - réponses
Pays Indice de sécurité Ville % Correct
Monaco 0.94 Monaco
98%
Singapour 0.9 Singapour
96%
Japon 0.89 Tokyo
96%
Hong Kong 0.87 Hong Kong
91%
Luxembourg 0.85 Luxembourg
87%
Andorre 0.96 Andorre la Vieille
84%
Danemark 0.84 Copenhague
82%
Suisse 0.85 Genève
82%
Finlande 0.84 Helsinki
82%
Gibraltar 0.9 Gibraltar
78%
Suisse 0.9 Zurich
76%
Islande 0.89 Reykjavik
73%
Liechtenstein 0.97 Vaduz
71%
Émirats Arabes Unis 0.86 Abou Dabi
64%
Allemagne 0.84 Munich
60%
Bahrein 0.85 Manama
27%
Ile de Man (Royaume Uni) 0.95 Douglas
13%
Chine 0.83 Nanjing
7%
Jersey (Royaume Uni) 0.91 Saint-Helier
7%
Chine 0.85 Wuxi
2%
Aucun quiz correspondant
Distribution des résultats
% des personnes avec chaque résultat
Percentile par nombre de réponses
Votre historique - résultats
Vous n’avez pas pris ce quiz